LEADER 01276nas 2200469- 450 001 996321666503316 005 20210913213021.0 035 $a(OCoLC)773191937 035 $a(CKB)2670000000274909 035 $a(CONSER)--2013247782 035 $a(MiFhGG)5UFF 035 $a(MiAaPQ)3933270 035 $a(DE-599)ZDB2695576-3 035 $a(EXLCZ)992670000000274909 100 $a20101115a20119999 --- a 101 0 $aeng 135 $aur||||||||||| 181 $ctxt$2rdacontent 182 $cc$2rdamedia 183 $acr$2rdacarrier 200 10$aVaccine $edevelopment and therapy 210 1$a[Auckland, N.Z]. :$cDovepress,$d[2011]- 215 $a1 online resource 300 $aRefereed/Peer-reviewed 311 $a2230-2298 517 1 $aDevelopment and therapy 517 1 $aJournal of vaccine, development and therapy 531 10$aVaccine (Auckl) 531 1 $aVaccine 606 $aVaccines$vPeriodicals 606 $aVaccines 606 $aVaccines$2fast$3(OCoLC)fst01163573 608 $aPeriodical. 608 $aPeriodicals.$2fast 615 0$aVaccines 615 12$aVaccines. 615 7$aVaccines. 676 $a615.37205 906 $aJOURNAL 912 $a996321666503316 996 $aVaccine$9775224 997 $aUNISA LEADER 01478nam a2200289 i 4500 001 991001977269707536 008 130305s2010 enka b 101 0 eng d 020 $a9783039115440 035 $ab14101336-39ule_inst 040 $aDip.to Lingue$bita 082 04$a838.8 245 00$aSchnitzler's hidden manuscripts /$cLorenzo Bellettini and Peter Hutchinson (eds) 260 $aOxford ;$aNew York :$bPeter Lang,$cc2010 300 $axii, 202 p. :$bill. ;$c23 cm 440 0$aBritische und Irische studien zur deutschen sprache und literatur =$aBritish and Irish studies in German language and literature =$aEtudes britanniques et irlandaises sur la langue et la littâerature allemandes ;$vbd. 51 504 $aInclude riferimenti bibliografici e indice 600 14$aSchnitzler, Arthur,$d1862-1931$xCritica e interpretazione 600 14$aSchnitzler, Arthur,$d1862-1931$xManoscritti 600 14$aSchnitzler, Arthur,$d1862-1931$xCritica testuale 700 1 $aBellettini, Lorenzo,$d1977-$eauthor$4http://id.loc.gov/vocabulary/relators/aut$0732319 700 1 $aHutchinson, Peter,$d1944-$eauthor$4http://id.loc.gov/vocabulary/relators/aut$0732320 907 $a.b14101336$b02-04-14$c05-03-13 912 $a991001977269707536 945 $aLE012 838.8 SCH BEL$g1$i2012000437135$lle012$o-$pE0.00$q-$rl$s- $t0$u0$v0$w0$x0$y.i15487362$z05-03-13 996 $aSchnitzler's hidden manuscripts$91442822 997 $aUNISALENTO 998 $ale012$b05-03-13$cm$da $e-$feng$genk$h0$i0